|
|
|
|
| LEADER |
01595nam a2200421 i 4500 |
| 001 |
nkc20182991818 |
| 003 |
CZ PrNK |
| 005 |
20180504133911.0 |
| 007 |
ta |
| 008 |
180412s2018 xr a b 000 j cze |
| 015 |
|
|
|a cnb002991818
|
| 020 |
|
|
|a 978-80-7546-140-7
|q (vázáno)
|
| 035 |
|
|
|a (OCoLC)1035473700
|
| 040 |
|
|
|a BOA001
|b cze
|e rda
|
| 072 |
|
7 |
|a 821.162.3-3
|x Česká próza
|2 Konspekt
|9 25
|
| 072 |
|
7 |
|a 821-93
|x Literatura pro děti a mládež (beletrie)
|2 Konspekt
|9 26
|
| 080 |
|
|
|a 821.162.3-34
|2 MRF
|
| 080 |
|
|
|a 821-93
|2 MRF
|
| 080 |
|
|
|a (0:82-34)
|2 MRF
|
| 100 |
1 |
|
|a Čapek, Karel,
|d 1890-1938
|7 jk01021023
|4 aut
|
| 245 |
1 |
0 |
|a Devatero pohádek /
|c Karel Čapek ; ilustroval Josef Čapek
|
| 264 |
|
1 |
|a Praha :
|b Fortuna Libri,
|c 2018
|
| 300 |
|
|
|a 158 stran :
|b ilustrace (některé barevné) ;
|c 21 cm
|
| 336 |
|
|
|a text
|b txt
|2 rdacontent
|
| 337 |
|
|
|a bez média
|b n
|2 rdamedia
|
| 338 |
|
|
|a svazek
|b nc
|2 rdacarrier
|
| 500 |
|
|
|a Na hřbetu označení: kniha třetí
|
| 505 |
0 |
0 |
|t Velká policejní pohádka --
|t Pohádka pošťácká --
|t Velká pohádka doktorská --
|t O začarovaném tulákovi --
|t O šťastném chalupníkovi
|
| 655 |
|
7 |
|a české pohádky
|7 fd133970
|2 czenas
|
| 655 |
|
7 |
|a publikace pro děti
|7 fd133156
|2 czenas
|
| 655 |
|
9 |
|a Czech fairy tales
|2 eczenas
|
| 655 |
|
9 |
|a children's literature
|2 eczenas
|
| 700 |
1 |
|
|a Čapek, Josef,
|d 1887-1945
|7 jk01021020
|4 ill
|
| 910 |
2 |
|
|a BOA001
|b 2-1400.952
|
| 990 |
|
|
|a BK
|
| 995 |
|
|
|a 01
|
| 991 |
|
|
|b 201804
|c NOV
|
| 996 |
6 |
|
|b 2610740654
|c 2-1400.952
|l MZK
|r Sklad / do 1 hodiny
|n 0
|p p.v.
|w 001660568
|u 000010
|a 1
|e BOA001
|j MZK50
|s P
|